000 00471nam a2200181Ia 4500
001 1519
005 20260306143734.0
008 260306t1966||||xx |||||||||||||| ||spa||
041 _aESP
082 _a150.724
_bB13
100 _aBachrach, A. J.
_eAUT
245 0 _aCómo Investigar en Psicología:
_bIntroducción a las técnicas operativas
260 _c1966
300 _a230 páginas :
_c21 x 13 cm.
650 _aGEN
654 _aCPS
942 _cLIB
_dJUS
_fJUS
_2ddc
_n
999 _c1519
_d1519